|
|
|
|
| LEADER |
00000nam0a2200000 4500 |
| 001 |
269063 |
| 005 |
20231101234224.0 |
| 020 |
|
|
|a RU
|b 86-101454
|
| 035 |
|
|
|a (RuTPU)RU\TPU\book\292219
|
| 090 |
|
|
|a 269063
|
| 100 |
|
|
|a 20140912d1986 km y0rusy5003 ca
|
| 101 |
0 |
|
|a rus
|
| 102 |
|
|
|a RU
|
| 105 |
|
|
|a a z 001zy
|
| 200 |
1 |
|
|a Проблемы и тенденции советского станкового искусства
|e сборник статей
|f Б. С. Угаров [и др.]
|
| 210 |
|
|
|a Москва
|c Советский художник
|d 1986
|
| 215 |
|
|
|a 219 с.
|c ил.
|d 22 см
|
| 320 |
|
|
|a Библиография изданий (1973-1983) : с. 162-215
|
| 320 |
|
|
|a Библиогр. в примеч. в конце статей
|
| 606 |
1 |
|
|a Изобразительное искусство
|2 stltpush
|3 (RuTPU)RU\TPU\subj\12291
|9 39102
|
| 610 |
1 |
|
|a художники
|
| 610 |
1 |
|
|a традиции
|
| 610 |
1 |
|
|a преемственность
|
| 610 |
1 |
|
|a творчество
|
| 610 |
1 |
|
|a живопись
|
| 610 |
1 |
|
|a портреты
|
| 610 |
1 |
|
|a Украинская ССР
|
| 610 |
1 |
|
|a станковое искусство
|
| 675 |
|
|
|a 7
|z rus
|v 3
|
| 701 |
|
1 |
|a Угаров
|b Б. С.
|
| 701 |
|
1 |
|a Леняшин
|b В. А.
|
| 701 |
|
1 |
|a Морозов
|b А. И.
|
| 701 |
|
1 |
|a Якимович
|b А. К.
|
| 701 |
|
1 |
|a Мартынов
|b В. М.
|
| 801 |
|
0 |
|a RU
|b RuMRKP
|c 19950417
|g psbo
|
| 801 |
|
1 |
|a RU
|b 63413507
|c 20140912
|
| 801 |
|
2 |
|a RU
|b 63413507
|c 20161018
|g RCR
|
| 942 |
|
|
|c BK
|